| 000 | 00791cam a2200277 i 4500 | ||
|---|---|---|---|
| 999 |
_c200454771 _d72983 |
||
| 003 | TR-AnTOB | ||
| 005 | 20231003205006.0 | ||
| 007 | ta | ||
| 008 | 120626s2009 tu 000 1 tur d | ||
| 020 | _a9786054138326 | ||
| 040 |
_aDLC _beng _erda _cDLC _dTR-AnTOB |
||
| 041 | 0 | _atur | |
| 050 | 0 | 0 |
_aPG3478.I8 _bC465 2009 |
| 090 |
_aPG3478.I8 _bC465 2009 |
||
| 100 | 1 |
_aAitmatov, Chingiz, _d1928-2008 _eauthor _951499 |
|
| 245 | 1 | 0 |
_aCemile / _cCengiz Aytmatov. |
| 264 | 1 |
_aİstanbul : _bElips Kitap, _c2009. |
|
| 300 |
_a67 pages ; _c20 cm |
||
| 336 |
_atext _btxt _2rdacontent |
||
| 337 |
_aunmediated _bn _2rdamedia |
||
| 338 |
_avolume _bnc _2rdacarrier |
||
| 490 | 0 |
_aElips Kitap ; _v12 |
|
| 650 | 7 |
_aKırgız edebiyatı _2etuturkob _97921 |
|
| 942 |
_2lcc _cBK |
||